Macroprudential Policy with Earnings-Based Borrowing Constraints

Cvičenie numerického modelu ukazuje, že nesprávne zavedenie daňovej politiky odvodenej za predpokladu obmedzení založených na aktívach v ekonomike, kde si firmy skutočne požičiavajú na základe príjmov, vedie k strate blahobytu ekvivalentnej spotrebe až do 2,55 %. Optimálna makroprudenciálna politika...

Descripción completa

Guardado en:
Detalles Bibliográficos
Autor principal: Drechsel, Thomas
Otros Autores: Kim, Seho
Formato: Capítulo de libro
Lenguaje:inglés
Materias:
Etiquetas: Agregar Etiqueta
Sin Etiquetas, Sea el primero en etiquetar este registro!

MARC

LEADER 00000naa a2200000 4500
001 0304572
005 20241113103029.5
041 0 |a eng 
044 |a NL 
245 1 0 |a Macroprudential Policy with Earnings-Based Borrowing Constraints  |c Thomas Drechsel, Seho Kim 
520 |a Cvičenie numerického modelu ukazuje, že nesprávne zavedenie daňovej politiky odvodenej za predpokladu obmedzení založených na aktívach v ekonomike, kde si firmy skutočne požičiavajú na základe príjmov, vedie k strate blahobytu ekvivalentnej spotrebe až do 2,55 %. Optimálna makroprudenciálna politika tak kriticky závisí od konkrétnej formy finančných obmedzení., 
610 2 0 |a dane 
610 2 0 |a príjmy 
610 2 0 |a aktíva 
610 2 0 |a pasíva 
610 2 0 |a pôžičky 
610 2 0 |a politika makroprudenciálna 
100 1 |a Drechsel, Thomas 
700 1 |a Kim, Seho